Normal view
MARC view
- المرسي،جمال الدين محمد/مصطفى محمود ابو بكر
Entry Personal Name
001 - CONTROL NUMBER
- control field: 32577
003 - CONTROL NUMBER IDENTIFIER
- control field: JO-AjAnu
005 - DATE AND TIME OF LATEST TRANSACTION
- control field: 20230606075456.0
008 - FIXED-LENGTH DATA ELEMENTS
- fixed length control field: 230606|| aca||aabn | a|a d
040 ## - CATALOGING SOURCE
- Original cataloging agency: JO-AjAnu
- Transcribing agency: JO-AjAnu
100 ## - HEADING--PERSONAL NAME
- Personal name: المرسي،جمال الدين محمد/مصطفى محمود ابو بكر
670 ## - SOURCE DATA FOUND
- Source citation: Work cat.: (JO-AjAnu)16737: المرسي،جمال الدين محمد/مصطفى محمود ابو بكر, author, دليل فن خدمة العملاء ومهارات البيع:مدخلك لتحقيق ميزة تنافسية في بيئة الاعمال المعاصرة